| 000 | 00540nam a2200181Ia 4500 | ||
|---|---|---|---|
| 003 | GCL | ||
| 008 | 140319s9999 xx 000 0 ara d | ||
| 040 |
_aGCL / _cGCL |
||
| 082 | 0 | 4 |
_a347 _bح ق |
| 100 | 1 | _aحسنى مصطفى | |
| 245 | 1 | 0 |
_aقاضى التنقيذ علما وعملا / _cحسنى مصطفى |
| 260 |
_a[S.N] : _bمنشاة المعارف الاسلامية |
||
| 300 | _a157 | ||
| 490 |
_aالكتب القانونية _v0 |
||
| 650 | 0 | 4 | _aالقانون |
| 650 | 0 | 4 | _aقانون المرافعات |
| 942 |
_2ddc _cBK |
||
| 999 |
_c29240 _d29240 |
||